| 000 | 00726nam a2200277Ia 4500 | ||
|---|---|---|---|
| 003 | SMC | ||
| 005 | 20170208122845.0 | ||
| 008 | 160418s9999 xx 000 0 und d | ||
| 020 | _a971-23-2976-3 | ||
| 050 | _aFIL DS 675.8 | ||
| 050 | _b.R5P87 2000 c.1 | ||
| 100 | _aPurino, Anacoreta P. | ||
| 245 | _aRizal : | ||
| 245 | _bang pinakadakilang Pilipino / | ||
| 245 | _cAnacoreta P. Purino. | ||
| 260 | _aManila : | ||
| 260 | _bRex Book Store, Inc., | ||
| 260 | _c2000 | ||
| 300 | _a230 pages : | ||
| 300 | _billustrations ; | ||
| 300 | _c22 cm. | ||
| 500 | _aIncludes bibliographical references. | ||
| 650 | _aRizal, Jose, 1861-1896. | ||
| 650 | _xHeroes -- Philippines -- Biography. | ||
| 942 |
_2lcc _cBK |
||
| 999 |
_c293647 _d293647 |
||